[Event "Hannover-ch U16/18"]
[Site "Lehrte"]
[Date "2011.10.17"]
[Round "6"]
[White "Rossberg, Jonathan"]
[Black "Winkler, Maximilian"]
[Result "1-0"]
[WhiteElo "1027"]
[BlackElo "1231"]
[PlyCount "43"]
[EventDate "2011.10.15"]
[EventType "swiss"]
[EventRounds "7"]
[EventCountry "GER"]
[SourceTitle "EXT 2021"]
[Source "ChessBase"]
[SourceDate "2020.10.23"]
[SourceVersion "1"]
[SourceVersionDate "2020.10.23"]
[SourceQuality "1"]

1. d4 d5 2. c4 c6 3. cxd5 cxd5 4. Nc3 Bf5 5. e3 Nf6 6. Nf3 Nbd7 7. Bb5 a6 8. Ba4 b5 9. Bb3 e6 10. 0-0 Bg4 11. Re1 Ne4 12. Bc2 Ng5 13. e4 Bxf3 14. Bxg5 Qxg5 15. Qxf3 dxe4 16. Nxe4 Qd5 17. Nd6+ Qxd6 18. Qxa8+ Nb8 19. Rac1 Be7 20. a4 0-0 21. Qe4 Bf6 22. Qxh7# 1-0

[Event "Hannover-ch U16/18"]
[Site "Lehrte"]
[Date "2011.10.16"]
[Round "3"]
[White "Michel, Felix Simon"]
[Black "Winkler, Maximilian"]
[Result "1-0"]
[WhiteElo "985"]
[BlackElo "1231"]
[PlyCount "77"]
[EventDate "2011.10.15"]
[EventType "swiss"]
[EventRounds "7"]
[EventCountry "GER"]
[SourceTitle "EXT 2021"]
[Source "ChessBase"]
[SourceDate "2020.10.23"]
[SourceVersion "1"]
[SourceVersionDate "2020.10.23"]
[SourceQuality "1"]

1. e4 c5 2. Nf3 Nc6 3. d4 cxd4 4. Nxd4 g6 5. Nc3 Nf6 6. Bb5 Bg7 7. Be3 0-0 8. 0-0 a6 9. Nxc6 bxc6 10. Be2 Rb8 11. b3 d5 12. e5 Ne8 13. f4 f6 14. Bd4 Qc7 15. exf6 Bxf6 16. Na4 Nd6 17. Nc5 Nf5 18. c3 Bxd4+ 19. cxd4 Ne3 20. Qd2 Nxf1 21. Rxf1 a5 22. g4 Bd7 23. Qe3 Rf7 24. h3 Rbf8 25. Nd3 h6 26. Rf3 g5 27. f5 e6 28. Ne5 Rf6 29. Ng6 R8f7 30. Bd3 exf5 31. gxf5 Kg7 32. Qe5 Qxe5 33. Nxe5 Re7 34. Ng6 Rxf5 35. Bxf5 Bxf5 36. Nxe7 Kf6 37. Nxf5 Kg6 38. Ne7+ Kh5 39. Kg2 1-0